| 000 | 01004nam0a22002651 4500 | ||
|---|---|---|---|
| 001 | rc\599854 | ||
| 005 | 20031121163455.1 | ||
| 035 | _a(NLR Aleph) 005844313 | ||
| 090 |
_a5712007 _c5712007 |
||
| 100 | _a20031121d1986 u |0rusy50 ca | ||
| 101 | 0 | _arus | |
| 102 | _aRU | ||
| 105 | _ay ||||||||| | ||
| 200 | 1 |
_aРусско-немецкие эквиваленты глагольно-именных сочетаний _dVerbale Wortfugungen mit nominaler Komponente im Russischen und Deutschen _fА.К. Демидова, Х. Буттке, К. Буттке |
|
| 210 |
_aМ. _cВысш. школа _d1986 |
||
| 215 |
_a373, [1] с. _d22 |
||
| 510 | 0 | _aVerbale Wortfugungen mit nominaler Komponente im Russischen und Deutschen | |
| 700 | 1 |
_aДемидова _bА. К. _gАнна Кузьминична |
|
| 701 | 1 |
_aБуттке _bХ. _gХельга |
|
| 701 | 1 |
_aБуттке _bК. _gКурт |
|
| 801 | 0 |
_aRU _bNLR _gpsbo |
|
| 801 | 1 |
_aRU _bELAR _2rusmarc |
|
| 852 |
_aNLR _j86-5/5321 |
||
| 942 | _cBOOK | ||
| 980 | _aNB | ||